03191nam a2200277Ia 450000500170000000800410001704000440005804100080010208200140011010000310012424202380015524502230039326000760061630000880069250005330078050511620131350600210247554600210249665000440251765000470256165000550260865000380266365000520270165000370275385601230279020170727091055.0130821s1796 sp a fr 1 lat  aCo-BoUCMbspacSandra YazodSandra Yazo0 alat04a189.42201 aGoudin, Antoniod1639-169500aFilosofía tomistabSegún los dogmas incontrovertibles y segurísimos de Santo Tomas en cuatro tomoscautor P. Fr. Antonio GoudínpTomo Primero. LógicapTomo segundo. Contiene la primera y la segunda parte de la Físicayspa10aPhilosophia Thomisticabjuxta inconcussa tutissimaque Divi Thomae dogmata quatuor tomis comprehensa ...cautore P. Fr. Antonio GoudinpTomus Primus. LogicapTomus secundus. Primam et secundam Physicae partem continens  aMadrid (España)bTypis Societatis [Imprenta de la Compañía]c1796 a4 volúmenes ([8], 272 ; [8], 403 páginas, [1] h. plegada ; )bmapac21 x 15 cm. aDetalles físicos: Encuadernación flexible en pergamino Guardas. Portada impresa en una sola tinta con un grabado, marca tipográfica del editor. Cenefa. Mayúsculas capitales sencillas. Texto impreso en dos columnas. Sumarios al inicio de cada capítulo. Signatura y reclamos. Márgenes estrechos. Papel con algunas manchas. V.1 Ejemplar empieza a desencuadernarse. Anteportada y portada con anotaciones manuscritas de propiedad y sellos de tinta. V.2 Algunas ilustraciones entre el texto págs. 211 y 227, 344 y 388 0 aV.1: Disertación introductoria sobre la Filosofía en general ; Lógica menor: Los términos ; Los modos de saber ; La definición ; La división ; La abstracción ; El juicio ; Las proposiciones ; Oposición y conversión de proposiciones ; El discurso o argumentación ; Los silogismos -- Lógica mayor: La lógica como ciencia ; El ente de razón ; Los universales ; El género ; La diferencia ; La especie ; La predicabilidad ; Los antepredicamentos ; Los predicamentos ; La sustancia ; La cantidad ; La relación ; Los pospredicamentos ; El silogismo demostrativo y la demostración -- V.2: Física I – II parte ; El ente móvil en general ; Principios de las cosas ; Los principios del universo ; La materia prima de las cosas naturales ; La forma sustancial ; La composición natural ; Sobre la naturaleza y las causas ; Las causas en general ; La causa eficiente ; La causa final ; La relación entre causa y efecto ; La suerte, la casualidad y lo fatal ; El movimiento ; Lo infinito ; El tiempo ; El lugar ; El vacío ; El continuo -- El mundo en general ; El mundo celeste ; El mundo de los elementos ; El sistema del mundo aConsulta en sala aTexto en latín 7aEscolasticismoxObras anteriores a 1800 7aÉtica cristianaxObras anteriores a 1800 7aFilosofía de la razónxObras anteriores a 1800 7aFísicaxObras anteriores a 1800 7aLógica (Filosofía)xObras anteriores a 1800 7aTomismoxObras anteriores a 180041zDisponible en línea V.1uhttp://books.google.com/books/ucm?vid=UCM5315928604&printsec=frontcover#v=onepage&q&f=false